Dueños del mañana : y otras historias /
José Gabriel Ceballos nace en 1955 en Alvear, Corrientes, Argentina. Cuenta con estudios de abogacía y es autor de diez libros de cuentos. Tiene una antología personal, Made in Buenavista, traducida al portugués. Parte de su obra está publicada en Argentina así como en Brasil, Costa Rica, España y M...
Guardado en:
| Hovedforfatter: | |
|---|---|
| Format: | Bog |
| Sprog: | spansk |
| Udgivet: |
México :
Ficticia,
2002, c2002
|
| Serier: | (Biblioteca de Cuento Anís del Mono
9) |
| Fag: | |
| Tags: |
Ingen Tags, Vær først til at tagge denne postø!
|
MARC
| LEADER | 00000nam^a2200000^a^4500 | ||
|---|---|---|---|
| 001 | 000150750 | ||
| 005 | 20250521000000.0 | ||
| 009 | 20260310100146.705 | ||
| 020 | |a 968-5382-10-7 | ||
| 037 | |a Acervo ITESO - Biblioteca | ||
| 041 | |a ESP | ||
| 082 | |a 863. |b CEB | ||
| 100 | |a Ceballos, José Gabriel |e (autor) | ||
| 245 | 1 | 0 | |a Dueños del mañana : |b y otras historias / |c J.G. Ceballos. |
| 264 | 4 | |a México : |b Ficticia, |c 2002, c2002 | |
| 300 | |a 118 p. | ||
| 336 | |a texto |b txt |2 rdacontenido | ||
| 337 | |a sin mediación |b n |2 rdamedio | ||
| 338 | |a volumen |b nc |2 rdasoporte | ||
| 440 | 1 | |a (Biblioteca de Cuento Anís del Mono |v 9) | |
| 520 | |a José Gabriel Ceballos nace en 1955 en Alvear, Corrientes, Argentina. Cuenta con estudios de abogacía y es autor de diez libros de cuentos. Tiene una antología personal, Made in Buenavista, traducida al portugués. Parte de su obra está publicada en Argentina así como en Brasil, Costa Rica, España y México. De sus premios, destacan Educa de Costa Rica y el Alberto Lista de Sevilla, España. | ||
| 649 | |a XX | ||
| 650 | |a Cuentos Argentinos | ||
| 650 | |a Literatura Argentina - |y Siglo XXI | ||
| 910 | |a Fondo General | ||
| 920 | |a Impresos - Libros | ||
| 930 | |a Colección General | ||
| 940 | |a Literatura | ||
| 905 | |a 101 | ||
| 901 | |a 0500080330 |b IT1 |c LIT |u 20250521 | ||
| 902 | |a https://opac.biblio.iteso.mx/vufind/Record/000150750 | ||